| 000 | 01353pab a2200193 454500 | ||
|---|---|---|---|
| 008 | 180718b2001 xxu||||| |||| 00| 0 eng d | ||
| 100 | _aMalgady, Robert G. | ||
| 245 | _aCultural and linguistic considerations in psychodiagnosis with Hispanaics: the need for an empirically informed process model | ||
| 260 | _c2001 | ||
| 300 | _ap.39-49 | ||
| 362 | _aJan | ||
| 520 | _aIt is estimated that in the next century nearly half of the clientele seeking mental health services will be members of ethnic minority groups. Hispanics are the most rapidly growing population in the United States, and epidemiological evidence suggests that they present higher levels of psychiatric symptomatology and prevalence rates of disorder compared with other ethnic groups. Despite the unprecedented recognition of cultural considerations found in DSM-IV for rendering a psychiatric diagnosis, there is still surprisingly little empirical research examining cultural and linguistic factors influencing the diagnostic process. This article critically reviews this research and considers process variables that can inform social workers' culturally sensitive diagnosis of Hispanics. - Reproduced | ||
| 650 | _aPsychodiagnostics | ||
| 650 | _aClinical psychology | ||
| 650 | _aMental health | ||
| 700 | _aZayas, Luis H. | ||
| 773 | _aSocial Work | ||
| 909 | _a49870 | ||
| 999 |
_c49870 _d49870 |
||